Fr. Conceicao Rodrigues College of Engineering

Unix primer plus (Record no. 22318)

MARC details
000 -LEADER
fixed length control field 00330nam a2200145Ia 4500
082 ## - DEWEY DECIMAL CLASSIFICATION NUMBER
Classification number 1.6425
Item number WAIT/M
100 ## - MAIN ENTRY--PERSONAL NAME
Personal name Waite /M; Martin D/&prata/S
245 ## - TITLE STATEMENT
Title Unix primer plus
260 ## - PUBLICATION, DISTRIBUTION, ETC.
Name of publisher, distributor, etc. Howard W.Sams and Co
Place of publication, distribution, etc. Indiana
Date of publication, distribution, etc. 1990
300 ## - PHYSICAL DESCRIPTION
Extent 478
546 ## - LANGUAGE NOTE
Language note ENGLISH
654 ## - SUBJECT ADDED ENTRY--FACETED TOPICAL TERMS
Focus term Unix primer plus
942 ## - ADDED ENTRY ELEMENTS (KOHA)
Koha item type BOOK
Holdings
Withdrawn status Lost status Damaged status Not for loan Collection Home library Current library Shelving location Date acquired Source of acquisition Cost, normal purchase price Inventory number Total Checkouts Full call number Barcode Date last seen Cost, replacement price Price effective from Koha item type
        CRC Fr. Agnel's C.Rodrigues College of Engineering Fr. Agnel's C.Rodrigues College of Engineering   17/03/2023 Pravina books 301.50 155 dt 9.3.91   1.6425 WAIT/M 3172 17/03/2023 301.50 09/03/1991 BOOK